000
00294nam a22001337a 4500
008
181207b xxu||||| |||| 00| 0 eng d
020
_a
9780205272365
041
_a
eng
080
_2
5th
_a
610
100
_a
2
101
_a
SHM
245
_a
Access to Health
_c
Donatelle,R.J
942
_2
udc
_c
BK
999
_c
53005
_d
53005